00990nam a2200217 a 4500008004100000020001800041050001600059100001800075245015600093250001300249260004000262300002000302350001100322650004700333700002400380700001800404700002100422995017700443999001700620952013500637170511s2016 ||||||||||||||||| || u a9780323263382 aRC 78.4 Mer aCurtis, Tammy10aMerrill's atlas of radiographic positioning and procedures (13th edition)cBy Bruce W. Long, Jeannean Hall Rollins, Barbara J. Smith [and] Tammy Curtis a13th ed. aSt. Louis Missouri:bElsevierc2016 aix, 595p.: ill. a125.00 aRADIOGRAPHY, MEDICAL--POSITIONING--ATLASES aRollins, Jeannean H aLong, Bruce W aSmith, Barbara J aMEDICAL LIBRARY OPEN ACCESSe903956FCBU-SCHOOL OF MEDICINE LIBRARY (Ndola)I125.00jRC 78.4 MerM1UAVAILABLEWMay 11, 2017y903956ZMedical Library Open Access Collection c32066d32066 00102lcc4070a002b002cMedical Library Open Access Collectiond2022-11-30l0oRC 78.4 Merp903956r2022-11-30w2022-11-30y002